000 00737nam a2200253 i 4500
001 bg
245 0 0 _aKompendium wiedzy o handlu /
_cred. nauk. Maria Sławińska.
260 _aWarszawa :
_bWydawnictwo Naukowe PWN,
_c2008.
300 _a345, [2] s. :
_bil. ;
_c21 cm.
504 _aBibliogr. s. 337-343. Indeks.
650 9 _aHandel
655 _aPodręczniki akademickie
700 1 _aSławińska, Maria.
_eRed.
015 _aPB 21383/2008
020 _a9788301154462
040 _cBPK
041 0 _apol
044 _aPOL
080 _a339(075.8)
920 _a978-83-01-15446-2
942 _cKS
008 080825s2008 pl a |001 0 pol
999 _c55181
_d55181
856 _uhttp://koha.tu.koszalin.pl/cgi-bin/koha/opac-detail.pl?biblionumber=55181
_yKatalog online BPK